Land

Bibliographic Details
Corporate Author: INSPEN
Format: Book
Subjects:

MARC

LEADER 00000cam a2200000 7i4500
001 0000007487
005 20071030.0
040 |a INS 
090 0 0 |a RESEARCH 173 
245 0 0 |a Land 
500 |a Digital document is available on-line; Please click the URL below 
650 0 0 |a Land 
710 2 |a INSPEN 
856
999 |a RES0000250   |b BOOK   |c Research By JPPH Staff   |e Default branch 
999 |a RES0000251   |b BOOK   |c Research By JPPH Staff   |e Default branch